| 000 | 00553nam a2200181 a 4500 | ||
|---|---|---|---|
| 005 | 20160128183146.0 | ||
| 008 | 160128b xxua gr|||| 00| 0 spa d | ||
| 040 |
_aCO-BoIAVH _cCO-BoIAVH |
||
| 041 | _aspa | ||
| 090 |
_aEA _b375 |
||
| 245 | _aNaturaleza y vida en el territorio de los Eperara Siapidara Costa Pacífica Caucana | ||
| 260 |
_aPopayán _bCRIC _bCRC _c2005 |
||
| 300 |
_a34 paginas. _bilustraciones.; _c21 x 15 cm. |
||
| 650 | 4 |
_aConservacion _vNaturaleza |
|
| 650 | 4 | _aIndegenas | |
| 942 |
_cLIBRO _2ddc |
||
| 945 | _d2007-11-22 | ||
| 999 |
_c5948 _d5948 |
||